NEET 2026 Crash Course Biology (Record no. 215984)

MARC details
000 -LEADER
fixed length control field 00643nam a22001937a 4500
005 - DATE AND TIME OF LATEST TRANSACTION
control field 20260427125123.0
010 ## - LCCN (DPL NO)
LC control number ENG-147849
020 ## - INTERNATIONAL STANDARD BOOK NUMBER
International Standard Book Number 9789371360494
Terms of availability 465.00
035 ## - SYSTEM CONTROL NUMBER
System control number EN-131381
037 ## - SOURCE OF ACQUISITION
Source of stock number/acquisition DBAD
082 ## - DEWEY DECIMAL CLASSIFICATION NUMBER
Classification number 540.076
245 ## - TITLE STATEMENT
Title NEET 2026 Crash Course Biology
250 ## - EDITION STATEMENT
Edition statement 1
260 ## - PUBLICATION, DISTRIBUTION, ETC. (IMPRINT)
Place of publication, distribution, etc Uttar Pradesh
Name of publisher, distributor, etc Pearson India Education Services
Date of publication, distribution, etc 2026
270 ## - ADDRESS
Address 15th Flooor, Tower-B, World Trade Tower, Plot No. 1, Block-C, Sector-16
City Noida
Postal code 201301
Electronic mail address companysecretary.india@pearson.com
300 ## - PHYSICAL DESCRIPTION
Extent vp.
Dimensions 25cm(pb)
500 ## - GENERAL NOTE
General note A Complete Guide for NEET (UG) Aspirants
942 ## - ADDED ENTRY ELEMENTS (KOHA)
Source of classification or shelving scheme Dewey Decimal Classification
Item type English Books
Classification part 540.076
Call number suffix NEE
Holdings
Withdrawn status Lost status Not for loan Collection code Home library Current library Date acquired Source of acquisition Cost, normal purchase price Full call number Barcode Copy number Cost, replacement price Koha item type
      Non-fiction Sarojini Nagar Sarojini Nagar 27/04/2026 Delivery of Books Act Division 465.00 540.076 NEE EN-131381 1 465.00 English Books

© Delhi Public Library
Hit Counter
free hit counter